000 00730nam a2200253Ia 4500
003 OSt
005 20220927105438.0
006 a|||||r|||| 00| 0
007 ta
008 220926b |||||||| |||| 00| 0 eng d
024 _a173207
037 _cReference Collections
040 _aRTL
_cRTL
_beng
041 _2eng
_aeng
082 _a"V2,32p.N97, N7.10-12"
110 _a"INDIA, LOK SABHA."
_9372597
245 0 _aLok sabha debates
_b Fourth session.
260 _aNew
_bDelhi Lok Sabha Secretariat.
_c1997
300 _aii; 308p.
_ccm.
490 _aEleventh series.
700 _a"INDIA, LOK SABHA."
_9372598
942 _h"V2,32p.N97, N7.10-12"
_cCC
999 _c692603
_d692603